000
00319nam a2200121Ia 4500
008
220216s9999 xx 000 0 und d
100
_a
Moore A
245
0
_a
SUBUR type smoke-houses
260
_b
Journal of the Rubber Research Institute of Malaya
_c
1937
300
_a
147-164
700
_a
Piddlesden J H
942
_c
JS
999
_c
53219
_d
53219